100 Biggest Japan Islands (Map) - Statistics

General Stats
  • This quiz has been taken 80 times
  • The average score is 22 of 100
Answers on the Map
Answers color-coded by a green-red scale on the quiz's map according to % correct below.
 
Answer Stats
Island Name Population Area % Correct
Hokkaido 5,348,102 83,423
100%
Honshu 104,000,000 225,800
100%
Kyushu 12,970,479 36,782
96%
Shikoku 3,796,687 18,297
85%
Okinawa 1,301,462 1,206
83%
Tsushima 39,716 709
57%
Sado 55,474 854
51%
Awaji 157,000 592
45%
Awashima 265 10
45%
Amami 73,000 712
40%
Ōshima 8,179 91
40%
Oshima 5,725 12
40%
Ōshima 1,800 42
40%
Yakushima 13,178 504
36%
Hachijō-jima 8,363 63
34%
Okushiri 3,343 142
34%
Rishiri 5,102 183
34%
Ishigaki 47,000 222
32%
Rebun 3,194 80
32%
Tanegashima 33,000 444
32%
Shimoshima 87,191 574
30%
Shōdoshima 28,764 153
30%
Etajima 24,596 91
28%
Iki 28,008 134
28%
Kamishima 34,412 225
28%
Tokunoshima 27,000 247
28%
Ōmi 1,200 15
26%
Ōmishima 23,398 65
26%
Fukue 38,481 326
23%
Hakata 7,683 21
23%
Innoshima 27,465 35
23%
Mikura-jima 351 20
23%
Miyake 2,415 55
23%
Okinoshima 283 10
23%
Iriomote 2,347 289
21%
Kōzu-shima 1,952 18
21%
Miyako-jima 55,914 158
21%
Nii-jima 2,700 23
21%
Hirado 21,355 163
19%
Yonaguni 1,745 29
19%
Chichijima 2,000 23
17%
Nagashima 10,120 91
17%
Nagashima 2,000 14
17%
Noto 3,187 47
17%
Okinoerabujima 15,000 93
17%
Takashima 2,487 16
17%
Hahajima 450 20
15%
Hisaka 395 37
15%
Kikai 7,657 57
15%
Kume 10,000 59
15%
Mukaishima 28,000 23
15%
Naka-jima 2,938 21
15%
Naru Island 2,776 24
15%
Teshima 1,200 15
15%
Wakamatsu 1,661 31
15%
Ie 4,198 23
13%
Iheya 1,214 21
13%
Izena 1,518 15
13%
Kitadaitōjima 660 12
13%
Minamidaitō 2,107 31
13%
Nishinoshima 3,400 56
13%
Suō-Ōshima 19,739 128
13%
Tarama 1,185 20
13%
Yoron 6,000 21
13%
Chiburijima 650 14
11%
Dōgojima 14,849 242
11%
Fukushima 3,202 17
11%
Goshoura 3,615 13
11%
Hikoshima 30,182 11
11%
Hiroshima 800 12
11%
Iōjima 121 12
11%
Itsukushima 1,800 30
11%
Kakeromajima 1,600 77
11%
Kamikamagari 2,658 19
11%
Kuchinoerabu 147 38
11%
Kurahashi 19,565 69
11%
Nakadori 20,167 168
11%
Nakanoshima 2,400 32
11%
Nakanoshima 167 34
11%
Ojika 2,433 12
11%
Shimokoshiki 2,780 66
11%
Azuchi-Ōshima 1,269 15
9%
Hateruma 490 13
9%
Ikitsuki 7,014 17
9%
Ikuchi 9,310 31
9%
Irabu 6,283 29
9%
Kamikoshiki 2,796 45
9%
Kuchinoshima 140 13
9%
Ōsakikamijima 3,187 38
9%
Ōsakishimo-jima 6,000 18
9%
Shishi 1,050 17
9%
Tokashiki 750 15
9%
Uke 200 13
9%
Uku-jima 2,575 25
9%
Hario 9,767 33
6%
Heigun 591 17
6%
Kasado 800 12
6%
Kuroshima 220 10
6%
Kuroshima 199 15
6%
Ōyano 14,729 30
6%
No matching quizzes found
Score Distribution
Percent of People with Each Score
Percentile by Number Answered
Your Score History
You have not taken this quiz